| Tag |
First Indicator |
Second Indicator |
Subfields |
| LEADER |
00000cam a2200000 a 4500 |
| 001 |
in00000015205 |
| 005 |
20231017141445.9 |
| 008 |
751112s1933 mauacf 000 0 eng |
| 010 |
|
|
|a 33027294
|
| 035 |
|
|
|a (OCoLC)01829929
|
| 035 |
|
|
|9 AAB0020AM
|
| 040 |
|
|
|a DLC
|c TYC
|d TXA
|d UtOrBLW
|
| 049 |
|
|
|a TXAS
|c [A08599482]
|
| 050 |
0 |
0 |
|a G530
|b .G6 1933
|
| 100 |
1 |
|
|a Grant, George H.
|q (George Hook),
|d 1896-
|
| 245 |
1 |
4 |
|a The half deck /
|c by Captain George H. Grant ; with illustrations by Gordon Grant.
|
| 264 |
|
1 |
|a Boston :
|b Little, Brown, and Co.,
|c 1933.
|
| 300 |
|
|
|a x, pages, 2 leaves, [3]-316 pages
|b illustrations, plates, frontispiece (portrait) ;
|c 21 cm.
|
| 336 |
|
|
|a text
|b txt
|2 rdacontent
|
| 337 |
|
|
|a unmediated
|b n
|2 rdamedia
|
| 338 |
|
|
|a volume
|b nc
|2 rdacarrier
|
| 505 |
0 |
|
|a Part one: the first voyage -- Enter the half deck -- A fight under the poop -- Father Neptune pays a call -- Land in the offing -- Through the Magellan Straits -- The second mate gets a ducking -- The makings of a sailor -- Christmas Eve and a squall -- A rescue -- The stranger spins a yarn -- Homeward bound -- Disabled on a lee shore -- A sailor's farewell -- Part two: The second voyage -- A cantankerous engineer 00 A hazardous mission -- A sea of fire -- Catastrophe during a gale -- Captain McFarlane hovers near death -- Mr. McNab stirs up trouble -- The sailorman serenade -- Captain Boxley is superseded -- I go to jail -- Mischief afoot -- Mr. McNab uses his fists -- Mutiny -- Command -- You're a sailor.
|
| 500 |
|
|
|a A narrative of the author's first two years at sea aboard the tramp steamer Monarch.
|
| 500 |
|
|
|a Cushing Library Kelsey Ill. copy signed by the author.
|
| 650 |
|
0 |
|a Seafaring life.
|
| 999 |
|
|
|a MARS
|
| 999 |
f |
f |
|s bd8dcec7-b54a-3488-8a41-f4637e6e7f25
|i 8c74b288-974d-3835-80f4-7b0eb022849c
|t 0
|
| 952 |
f |
f |
|p noncirc
|a Texas A&M University
|b College Station
|c Cushing Memorial Library & Archives
|d Cushing: Dykes (Does not check out)
|t 0
|e G530 .G6 1933
|h Library of Congress classification
|i unmediated -- volume
|m A14853121451
|
| 998 |
f |
f |
|a G530 .G6 1933
|t 0
|l Cushing: Dykes (Does not check out)
|